00536nam a22001577a 450000500170000000800410001702000180005805000180007610000210009424501010011525000120021626000640022830000520029265000120034470000220035620241125190811.0241125b |||||||| |||| 00| 0 eng d a9780130471932 aQC21.3 b.W35 aWilson, Jerry D. aCollege Physics/bannotated instructor's editioncJerry D. Wilson & Anthony J. Buffa with Bo Lou a5th ed. aUpper Saddle River, New JerseybPearson Prentice Hallc2003 axxxii.991.various pagingbill. some colorc27cm 2Physics aBuffa, Anthony J.